000 01025nam a2200277Ia 4500
001 Para_2842
003 CHAP
008 220125s1988 xx 000 0 und d
010 _a201338
040 _cCHAP
090 _aPA TESIS 467
100 _aVillalba Carreño, Gerardo Venancio
_9119418
245 _aDescripción de los estados inmaduros de una nueva especie de tábano (Hexapoda :
_b Diptera), colectada en Tepecoacuilco, Guerrero, México /
_c por Gerardo Venacio Villalba Carreño
260 _aChapingo, Méx. :
_b El autor
300 _a47 p.
502 _aTesis (Ing. Agr. Esp. en Parasitología Agrícola) -- UACh. Departamento de Parasitología Agrícola
650 _aTábano Estado inmaduros de una nueva especie de tábano
_9166240
710 _aUACh. Departamento de Parasitología Agrícola
_9115877
901 _aPA TESIS 467
902 _aA
905 _a0000001988 CHA 0000000000 00
910 _a1988
942 _cPARA
942 _cPARA
_d1
999 _c201338
_d201338